[Event "Unterfranken-ch HB 63th"]
[Site "Schweinfurt"]
[Date "2012.04.14"]
[Round "9"]
[White "Engelbrecht, Klaus"]
[Black "Degering, Heinz"]
[Result "1-0"]
[WhiteElo "1152"]
[BlackElo "1202"]
[PlyCount "131"]
[EventDate "2012.04.09"]
[EventType "swiss"]
[EventRounds "9"]
[EventCountry "GER"]
[SourceTitle "EXT 2015"]
[Source "ChessBase"]
[SourceDate "2014.11.20"]
[SourceVersion "1"]
[SourceVersionDate "2014.11.20"]
[SourceQuality "1"]

1. e4 e6 2. d4 Be7 3. Nf3 Nf6 4. Nc3 0-0 5. Bd3 d5 6. e5 Nfd7 7. h4 f5 8. Bg5 Rf7 9. Ne2 Nf8 10. Nf4 g6 11. Bxe7 Rxe7 12. Qd2 Nc6 13. h5 Rf7 14. h6 Rd7 15. c4 dxc4 16. Bxc4 Nxd4 17. Nxd4 Rxd4 18. Bd3 Rxf4 19. Qxf4 Qxd3 20. Qg5 Qe4+ 21. Kf1 Qxe5 22. f4 Qb5+ 23. Kg1 Qxb2 24. Kh2 Bd7 25. Qe7 Qh8 26. Rad1 Bc6 27. Rd2 Bd5 28. Qxc7 Qf6 29. Rhd1 Qh4+ 30. Kg1 Qxh6 31. Rxd5 exd5 32. Rxd5 Re8 33. Rd1 Qh5 34. Qc4+ Ne6 35. Re1 Kf7 36. Qd5 Re7 37. Re3 Qh4 38. Rh3 Qe1+ 39. Kh2 Qe4 40. Rxh7+ Kf6 41. Qe5+ Qxe5 42. fxe5+ Kxe5 43. Rxe7 Kf6 44. Rxb7 a5 45. Ra7 Kg5 46. Rxa5 Nf4 47. a4 Nd3 48. Rd5 Nb2 49. a5 Nc4 50. a6 Nb6 51. Rb5 Nc8 52. Rb7 Kf4 53. a7 Nxa7 54. Rxa7 Kg5 55. Kg3 f4+ 56. Kf3 Kh4 57. Ra6 Kh5 58. Kxf4 g5+ 59. Kf5 Kh4 60. Rg6 Kg3 61. Rxg5+ Kf2 62. Ke4 Kg1 63. g4 Kg2 64. Rf5 Kg3 65. g5 Kg4 66. g6 1-0

[Event "Unterfranken-ch HB 63th"]
[Site "Schweinfurt"]
[Date "2012.04.11"]
[Round "4"]
[White "Degering, Heinz"]
[Black "Stegnar, Roland"]
[Result "1/2-1/2"]
[WhiteElo "1202"]
[BlackElo "1305"]
[PlyCount "36"]
[EventDate "2012.04.09"]
[EventType "swiss"]
[EventRounds "9"]
[EventCountry "GER"]
[SourceTitle "EXT 2015"]
[Source "ChessBase"]
[SourceDate "2014.11.20"]
[SourceVersion "1"]
[SourceVersionDate "2014.11.20"]
[SourceQuality "1"]

1. e4 e5 2. c4 Nc6 3. Nf3 Bc5 4. h3 Qf6 5. Be2 Nge7 6. 0-0 d6 7. d3 h6 8. Nc3 Bd7 9. Nd5 Nxd5 10. cxd5 Ne7 11. a3 Ng6 12. Kh2 Nf4 13. Bxf4 exf4 14. d4 Bb6 15. e5 dxe5 16. dxe5 Qg6 17. Bd3 Bf5 18. Bxf5 Qxf5 1/2-1/2

[Event "Unterfranken-ch HB 63th"]
[Site "Schweinfurt"]
[Date "2012.04.09"]
[Round "1"]
[White "Renner, Guenter"]
[Black "Degering, Heinz"]
[Result "1-0"]
[WhiteElo "831"]
[BlackElo "1202"]
[PlyCount "88"]
[EventDate "2012.04.09"]
[EventType "swiss"]
[EventRounds "9"]
[EventCountry "GER"]
[SourceTitle "EXT 2015"]
[Source "ChessBase"]
[SourceDate "2014.11.20"]
[SourceVersion "1"]
[SourceVersionDate "2014.11.20"]
[SourceQuality "1"]

1. e4 e5 2. Nf3 d6 3. b3 Be7 4. Nc3 Nf6 5. d4 exd4 6. Nxd4 0-0 7. Bd3 a6 8. Nf3 Nbd7 9. Bf4 Nc5 10. e5 Nxd3+ 11. Qxd3 dxe5 12. Qxd8 Bxd8 13. Bxe5 Nd7 14. 0-0-0 Bg5+ 15. Nxg5 Nxe5 16. Rhe1 f6 17. Nge4 Bf5 18. Rd2 Bxe4 19. Rxe4 Rae8 20. Rde2 c6 21. f4 Ng6 22. Rxe8 Nxf4 23. Rxf8+ Kxf8 24. Rd2 Ke7 25. Ne4 b6 26. c4 f5 27. Ng5 h6 28. Nf3 g5 29. Ne5 c5 30. Nc6+ Kf6 31. b4 cxb4 32. Nxb4 a5 33. Nd5+ Ke5 34. Nxb6 Ke4 35. c5 h5 36. c6 g4 37. h4 Ke3 38. c7 Nxg2 39. c8Q Nxh4 40. Qe6+ Kf3 41. Rh2 Kg3 42. Qe2 Nf3 43. Qf2+ Kf4 44. Rxh5 g3 1-0

[Event "Unterfranken-ch HA 62th"]
[Site "Gerolzhofen"]
[Date "2011.04.29"]
[Round "7"]
[White "Degering, Heinz"]
[Black "Helm, Timo"]
[Result "0-1"]
[WhiteElo "1338"]
[BlackElo "1549"]
[PlyCount "94"]
[EventDate "2011.04.25"]
[EventType "swiss"]
[EventRounds "9"]
[EventCountry "GER"]
[SourceTitle "EXT 2015"]
[Source "ChessBase"]
[SourceDate "2014.11.20"]
[SourceVersion "1"]
[SourceVersionDate "2014.11.20"]
[SourceQuality "1"]

1. e4 e5 2. c4 Bc5 3. h3 Nf6 4. d3 d6 5. Nf3 Be6 6. Nc3 Nc6 7. Bg5 h6 8. Be3 Bxe3 9. fxe3 Qd7 10. Nd5 0-0-0 11. Qa4 a6 12. b4 Nb8 13. Qxd7+ Kxd7 14. a4 Bxd5 15. cxd5 Ke7 16. b5 Rhe8 17. g4 g5 18. Rg1 Nfd7 19. d4 Kf8 20. h4 f6 21. Bd3 Kg7 22. h5 exd4 23. exd4 Nb6 24. Kd2 N6d7 25. Rge1 a5 26. Re2 Re7 27. Kc3 Rde8 28. Nd2 Nb6 29. Rae1 Nxa4+ 30. Kb3 Nb6 31. Ka3 c6 32. bxc6 bxc6 33. Nb3 a4 34. Na5 cxd5 35. exd5 Rxe2 36. Rxe2 Rxe2 37. Bxe2 Nxd5 38. Bb5 Ne3 39. Nc6 Nxc6 40. Bxc6 Nxg4 41. Bf3 Ne3 42. Kxa4 g4 43. Bh1 g3 44. Kb5 Kf7 45. Kc6 Ke7 46. Kc7 g2 47. Bxg2 Nxg2 0-1

[Event "Unterfranken-ch HA 62th"]
[Site "Gerolzhofen"]
[Date "2011.04.26"]
[Round "2"]
[White "Raab, Franziska"]
[Black "Degering, Heinz"]
[Result "0-1"]
[WhiteElo "744"]
[BlackElo "1338"]
[PlyCount "86"]
[EventDate "2011.04.25"]
[EventType "swiss"]
[EventRounds "9"]
[EventCountry "GER"]
[SourceTitle "EXT 2015"]
[Source "ChessBase"]
[SourceDate "2014.11.20"]
[SourceVersion "1"]
[SourceVersionDate "2014.11.20"]
[SourceQuality "1"]

1. e4 e5 2. Nf3 d6 3. Bb5+ c6 4. Bc4 Nf6 5. Ng5 d5 6. exd5 cxd5 7. Qe2 dxc4 8. Qxe5+ Qe7 9. Qxe7+ Bxe7 10. d3 cxd3 11. cxd3 0-0 12. 0-0 h6 13. Nf3 Nc6 14. Nc3 Be6 15. d4 Nb4 16. a3 Nbd5 17. b4 Nxc3 18. Bd2 Rac8 19. Rae1 Bd8 20. g3 Bc4 21. Bxh6 Bxf1 22. Kxf1 gxh6 23. Rc1 Nfd5 24. Ne5 Bf6 25. Ng4 Bg5 26. Rc2 Na4 27. Re2 Rc1+ 28. Kg2 Nac3 29. Re5 f6 30. Re6 Kf7 31. Rd6 Re8 32. Rd7+ Re7 33. Rd6 Rce1 34. h4 Bd2 35. f4 Nxf4+ 36. Kf3 Nfd5 37. Kf2 Ne4+ 38. Kf3 Nxd6 39. h5 Rf1+ 40. Kg2 Ree1 41. Kh3 Ne3 42. Nxh6+ Ke8 43. Kh4 Rh1# 0-1

[Event "Unterfranken-ch HA 62th"]
[Site "Gerolzhofen"]
[Date "2011.04.25"]
[Round "1"]
[White "Degering, Heinz"]
[Black "Heerlein, Gerd"]
[Result "0-1"]
[WhiteElo "1338"]
[BlackElo "1755"]
[PlyCount "34"]
[EventDate "2011.04.25"]
[EventType "swiss"]
[EventRounds "9"]
[EventCountry "GER"]
[SourceTitle "EXT 2015"]
[Source "ChessBase"]
[SourceDate "2014.11.20"]
[SourceVersion "1"]
[SourceVersionDate "2014.11.20"]
[SourceQuality "1"]

1. e4 d6 2. c4 Nf6 3. d3 g6 4. Nc3 Bg7 5. Rb1 c5 6. g3 Nc6 7. Nge2 0-0 8. Bg2 Bd7 9. 0-0 Rb8 10. h3 a6 11. a4 Ne8 12. f4 Nc7 13. g4 b5 14. Ng3 bxc4 15. Nce2 cxd3 16. Qxd3 Nb4 17. Qd1 Na2 0-1

[Event "Unterfranken-ch HT 61th"]
[Site "Kitzingen"]
[Date "2010.04.10"]
[Round "9"]
[White "Degering, Heinz"]
[Black "Scheiderer, Kurt"]
[Result "1-0"]
[WhiteElo "1426"]
[BlackElo "1310"]
[PlyCount "70"]
[EventDate "2010.04.05"]
[EventType "swiss"]
[EventRounds "9"]
[EventCountry "GER"]
[SourceTitle "EXT 2015"]
[Source "ChessBase"]
[SourceDate "2014.11.20"]
[SourceVersion "1"]
[SourceVersionDate "2014.11.20"]
[SourceQuality "1"]

1. e4 e5 2. c4 Nc6 3. Nc3 Nf6 4. Nge2 d6 5. g3 Be7 6. Bg2 Bg4 7. h3 Bh5 8. g4 Bg6 9. 0-0 h5 10. g5 Nh7 11. h4 f6 12. f4 exf4 13. Nxf4 Ne5 14. Ne6 Qb8 15. Nxg7+ Kd7 16. Bh3+ Ng4 17. Nd5 fxg5 18. Bxg4+ hxg4 19. Qxg4+ Kc6 20. Nxe7+ Kb6 21. Nd5+ Ka6 22. Ne6 b6 23. Nexc7+ Kb7 24. h5 Bxh5 25. Qg2 Qd8 26. Nxa8 Kxa8 27. e5 Kb8 28. Nb4 Be8 29. Na6+ Kc8 30. Qa8+ Kd7 31. e6+ Ke7 32. Qxd8+ Kxd8 33. Nb4 a5 34. Nd5 g4 35. e7+ Kd7 1-0